[Event "4. Open Ciudad de Tres Cantos 2012"]
[Site "Tres Cantos ESP"]
[Date "2012.06.23"]
[Round "3.26"]
[White "Blanco Fuente, Carlos"]
[Black "Martin Espeja, Jorge J"]
[Result "1/2-1/2"]
[WhiteElo "1658"]
[BlackElo "1830"]
[PlyCount "76"]
[EventDate "2012.06.21"]
[EventType "swiss"]
[EventRounds "9"]
[EventCountry "ESP"]
[Source "lmi"]
[SourceDate "2012.06.21"]

1. b3 d5 2. Bb2 c5 3. e3 Nc6 4. Nf3 Bg4 5. Be2 e6 6. d4 Nf6 7. Nbd2 Bd6 8. c4
cxd4 9. Nxd4 Bxe2 10. Nxc6 Bxd1 11. Nxd8 Rxd8 12. Rxd1 dxc4 13. Nxc4 Bb4+ 14.
Ke2 Ke7 15. a3 Bd6 16. Nxd6 Rxd6 17. Rxd6 Kxd6 18. f3 Rc8 19. Bxf6 gxf6 20. Kd2
f5 21. Rc1 Rxc1 22. Kxc1 h5 23. Kd2 b5 24. g3 a5 25. b4 a4 26. f4 Kd5 27. Kd3
f6 28. h3 e5 29. h4 Ke6 30. Kc3 Kd6 31. Kd2 Kc6 32. Kc2 Kd7 33. Kd3 Ke6 34. Kd2
Kd6 35. Kc2 Kd5 36. Kd3 e4+ 37. Kc3 Kd6 38. Kd2 Kc6 1/2-1/2

[Event "4. Open Ciudad de Tres Cantos 2012"]
[Site "Tres Cantos ESP"]
[Date "2012.06.23"]
[Round "3.27"]
[White "Gonzalez Mateo, Jose Luis"]
[Black "Cabrera Jordan, Esteban"]
[Result "1-0"]
[WhiteElo "1827"]
[BlackElo "1673"]
[PlyCount "117"]
[EventDate "2012.06.21"]
[EventType "swiss"]
[EventRounds "9"]
[EventCountry "ESP"]
[Source "lmi"]
[SourceDate "2012.06.21"]

1. d4 d5 2. Bf4 Nf6 3. e3 Bf5 4. c4 e6 5. c5 Be7 6. Nc3 c6 7. h3 Ne4 8. Nf3 b6
9. Nxe4 Bxe4 10. b4 a5 11. a3 Bxf3 12. gxf3 b5 13. Bd3 Nd7 14. Kd2 Bf6 15. Kc3
O-O 16. Bd6 Re8 17. f4 Be7 18. Bxe7 Qxe7 19. Qh5 Nf6 20. Qe5 Nd7 21. Qh5 Nf6
22. Qf3 g6 23. Kb3 Nh5 24. Rhg1 Ng7 25. h4 Qxh4 26. Rh1 Qf6 27. Rag1 h5 28. Rg5
Kf8 29. Rhg1 Nf5 30. Bc2 Ke7 31. Kc3 Kd7 32. Rd1 axb4+ 33. axb4 Ra3+ 34. Bb3
Rea8 35. Rgg1 Nh6 36. Qe2 Nf5 37. f3 h4 38. Rg4 Ra1 39. Rd2 Rc1+ 40. Rc2 Rxc2+
41. Kxc2 Qh8 42. Kb2 f6 43. Bc2 Qh6 44. Qf2 g5 45. fxg5 fxg5 46. e4 Ne7 47. Qh2
Nc8 48. exd5 exd5 49. Bf5+ Kd8 50. Qe5 Ne7 51. Bc2 Qf8 52. Qd6+ Kc8 53. Rxg5
Qxf3 54. Qe6+ Kd8 55. Rg8+ Nxg8 56. Qxg8+ Ke7 57. Qxa8 h3 58. Qxc6 h2 59. Qd6+
1-0

[Event "4. Open Ciudad de Tres Cantos 2012"]
[Site "Tres Cantos ESP"]
[Date "2012.06.23"]
[Round "3.28"]
[White "Sebastian Enesco, Alex"]
[Black "Fernandez Rodriguez, Fernando J"]
[Result "1/2-1/2"]
[WhiteElo "1806"]
[BlackElo "1495"]
[PlyCount "67"]
[EventDate "2012.06.21"]
[EventType "swiss"]
[EventRounds "9"]
[EventCountry "ESP"]
[Source "lmi"]
[SourceDate "2012.06.21"]

1. d4 d5 2. c4 c6 3. e3 Nf6 4. Qb3 e6 5. Nf3 Nbd7 6. Nc3 b6 7. Bd3 Bd6 8. O-O
Qc7 9. Re1 O-O 10. e4 dxe4 11. Nxe4 Nxe4 12. Bxe4 Bb7 13. Bc2 Rfe8 14. Bg5 f6
15. Qd3 f5 16. Rad1 h6 17. d5 Nc5 18. Qd2 hxg5 19. Qxg5 cxd5 20. cxd5 Bxd5 21.
Nd4 Bxh2+ 22. Kh1 Bf4 23. Nb5 Qb8 24. Qg6 a6 25. Nc3 Bc6 26. b4 Ne4 27. Nxe4
Bxe4 28. Bxe4 fxe4 29. Rd7 Qe5 30. g3 Bh6 31. Rxe4 Qf6 32. Qxf6 gxf6 33. Rh4
Bf8 34. Rg4+ 1/2-1/2

[Event "4. Open Ciudad de Tres Cantos 2012"]
[Site "Tres Cantos ESP"]
[Date "2012.06.23"]
[Round "3.29"]
[White "Romero Gomez, David"]
[Black "Anton Prado, Augusto"]
[Result "1-0"]
[WhiteElo "1646"]
[BlackElo "1775"]
[PlyCount "131"]
[EventDate "2012.06.21"]
[EventType "swiss"]
[EventRounds "9"]
[EventCountry "ESP"]
[Source "lmi"]
[SourceDate "2012.06.21"]

1. d4 d5 2. c4 c6 3. Nf3 Nf6 4. Qc2 e6 5. g3 Na6 6. a3 Bd7 7. Bg2 Rc8 8. c5 Nc7
9. O-O Be7 10. Nbd2 O-O 11. b4 h6 12. Nb3 Ne4 13. Ne5 Ng5 14. Na5 Rb8 15. a4
Be8 16. f4 Nh7 17. Rb1 f6 18. Ng6 Bxg6 19. Qxg6 f5 20. Qh5 Nf6 21. Qf3 Rf7 22.
b5 Nxb5 23. axb5 Qxa5 24. bxc6 b5 25. Qe3 Ne4 26. Bxe4 fxe4 27. Qa3 Qxa3 28.
Bxa3 Bd8 29. Rb3 a5 30. Rfb1 b4 31. Bxb4 axb4 32. Rxb4 Rxb4 33. Rxb4 Bc7 34.
Kf2 g5 35. e3 g4 36. Ke2 Kf8 37. Kd1 Ke8 38. Ra4 Rf8 39. Ra7 Kd8 40. Ra8+ Ke7
41. Ra7 Rc8 42. Kc2 Kd8 43. Kb3 Rb8+ 44. Rb7 Kc8 45. Rxb8+ Kxb8 46. Kb4 Ka7 47.
Kb5 Bd8 48. c7 Bxc7 49. Kc6 Kb8 50. Kd7 h5 51. Kxe6 Bxf4 52. gxf4 h4 53. f5 g3
54. hxg3 hxg3 55. f6 g2 56. f7 g1=Q 57. f8=Q+ Ka7 58. Qe7+ Ka6 59. Kxd5 Qxe3
60. Qe6+ Ka5 61. Qxe4 Qg5+ 62. Kc4 Qc1+ 63. Kd5 Qg5+ 64. Qe5 Qg8+ 65. Kc6 Qc8+
66. Qc7+ 1-0

[Event "4. Open Ciudad de Tres Cantos 2012"]
[Site "Tres Cantos ESP"]
[Date "2012.06.23"]
[Round "3.30"]
[White "Salgado Duarte, Pablo"]
[Black "Mauro Juarez, Benito"]
[Result "0-1"]
[WhiteElo "1565"]
[BlackElo "1728"]
[PlyCount "64"]
[EventDate "2012.06.21"]
[EventType "swiss"]
[EventRounds "9"]
[EventCountry "ESP"]
[Source "lmi"]
[SourceDate "2012.06.21"]

1. d4 e6 2. c4 c5 3. d5 exd5 4. cxd5 d6 5. Nc3 Nf6 6. Nf3 g6 7. e4 Bg7 8. h3
O-O 9. Bf4 Re8 10. Bd3 b5 11. O-O c4 12. Bc2 a6 13. a3 Bb7 14. Re1 Qc7 15. Qd2
Nbd7 16. Bh6 Ne5 17. Nxe5 Bxh6 18. Qxh6 Rxe5 19. Qe3 Nxd5 20. Nxd5 Bxd5 21.
Rad1 Bb7 22. Kh1 Rae8 23. Qd4 R5e6 24. f3 d5 25. b3 dxe4 26. bxc4 exf3 27. Rxe6
fxg2+ 28. Kg1 Rxe6 29. Bb3 Qe7 30. Qf2 Re2 31. Qg3 Qc5+ 32. Kh2 g1=Q# 0-1

[Event "4. Open Ciudad de Tres Cantos 2012"]
[Site "Tres Cantos ESP"]
[Date "2012.06.23"]
[Round "3.31"]
[White "Bernal Zajarov, Mateo"]
[Black "Herranz Sanchez, Pablo"]
[Result "1-0"]
[WhiteElo "1506"]
[BlackElo "1724"]
[PlyCount "57"]
[EventDate "2012.06.21"]
[EventType "swiss"]
[EventRounds "9"]
[EventCountry "ESP"]
[Source "lmi"]
[SourceDate "2012.06.21"]

1. d4 d5 2. c4 e6 3. Nc3 c6 4. Nf3 Nf6 5. e3 Bd6 6. Bd3 dxc4 7. Bxc4 Nbd7 8.
O-O O-O 9. Bd2 e5 10. Qc2 exd4 11. Nxd4 Ne5 12. Bb3 Neg4 13. h3 Ne5 14. Nf5 Bc7
15. Rfd1 Bd7 16. Ne2 g6 17. Nfg3 g5 18. Bc3 g4 19. hxg4 Nexg4 20. Nf5 Ne5 21.
Neg3 Kh8 22. Nh6 Qe8 23. Ngf5 Be6 24. Nd6 Bxb3 25. Qxb3 Bxd6 26. Rxd6 Qe7 27.
Nf5 Qe8 28. Rxf6 Rg8 29. Nd6 1-0

[Event "4. Open Ciudad de Tres Cantos 2012"]
[Site "Tres Cantos ESP"]
[Date "2012.06.23"]
[Round "3.40"]
[White "Casado Izquierdo, David"]
[Black "Sierra Soria, Maria"]
[Result "1-0"]
[WhiteElo "2115"]
[BlackElo "1768"]
[PlyCount "53"]
[EventDate "2012.06.21"]
[EventType "swiss"]
[EventRounds "9"]
[EventCountry "ESP"]
[Source "lmi"]
[SourceDate "2012.06.21"]

1. e4 c5 2. Nf3 Nf6 3. e5 Nd5 4. d4 cxd4 5. Nxd4 Nc6 6. Nxc6 bxc6 7. c4 Nc7 8.
Nc3 g6 9. Be2 Bg7 10. f4 Rb8 11. Qc2 Ne6 12. Be3 Qc7 13. Rd1 f6 14. exf6 Bxf6
15. O-O Ng7 16. g4 e6 17. c5 O-O 18. b3 Qa5 19. Ne4 Qd8 20. Bc4 Kh8 21. Nd6 Be7
22. Ne4 Qe8 23. Rf3 e5 24. Rdf1 Bd8 25. Nd6 Qe7 26. Rh3 Qf6 27. fxe5 1-0

[Event "4. Open Ciudad de Tres Cantos 2012"]
[Site "Tres Cantos ESP"]
[Date "2012.06.23"]
[Round "3.42"]
[White "Corral Sanchez, Jesus"]
[Black "Jimenez Perez, Federico"]
[Result "1/2-1/2"]
[WhiteElo "1673"]
[BlackElo "1282"]
[PlyCount "90"]
[EventDate "2012.06.21"]
[EventType "swiss"]
[EventRounds "9"]
[EventCountry "ESP"]
[Source "lmi"]
[SourceDate "2012.06.21"]

1. e4 e5 2. Nf3 Nc6 3. Bb5 a6 4. Ba4 Bd6 5. c3 Nf6 6. d3 b5 7. Bc2 Bb7 8. Nbd2
O-O 9. Nf1 h6 10. Ng3 Bc5 11. O-O d5 12. exd5 Nxd5 13. Re1 Re8 14. Be3 Bxe3 15.
fxe3 Nf6 16. e4 a5 17. Nf5 a4 18. a3 Na5 19. Rf1 c5 20. Qe1 Nh5 21. Rd1 Ra6 22.
Rd2 Rg6 23. Kh1 Bc8 24. Ne3 Bg4 25. Nxg4 Rxg4 26. Bd1 Rf4 27. Ng1 Rxf1 28. Qxf1
Qg5 29. Rf2 Qh4 30. Bxh5 Qxh5 31. Rf5 Qg6 32. Nf3 f6 33. h3 Nb7 34. Qf2 Nd6 35.
Nh4 Qf7 36. Rf3 c4 37. Nf5 Nxf5 38. exf5 cxd3 39. Rxd3 e4 40. Re3 Qd5 41. g4
Rd8 42. Qe2 Kh7 43. Kg2 Qd2 44. Rxe4 Qd5 45. Kf1 Qd2 1/2-1/2

[Event "4. Open Ciudad de Tres Cantos 2012"]
[Site "Tres Cantos ESP"]
[Date "2012.06.23"]
[Round "3.46"]
[White "Muñoz Blazquez, Jose"]
[Black "Garcia Minguez, Antonio"]
[Result "0-1"]
[WhiteElo "1410"]
[BlackElo "1463"]
[PlyCount "118"]
[EventDate "2012.06.21"]
[EventType "swiss"]
[EventRounds "9"]
[EventCountry "ESP"]
[Source "lmi"]
[SourceDate "2012.06.21"]

1. e4 c5 2. Nf3 Nc6 3. d4 cxd4 4. Nxd4 e6 5. c3 Nf6 6. Nd2 Be7 7. Bd3 O-O 8.
O-O d6 9. N2f3 a6 10. Be3 Ng4 11. Qd2 Nge5 12. Nxe5 Nxe5 13. Qe2 Nxd3 14. Qxd3
Qc7 15. Nf3 b5 16. Bg5 Bxg5 17. Nxg5 h6 18. Nf3 Bb7 19. Rfe1 Rad8 20. Re3 e5
21. Qe2 f5 22. exf5 Rxf5 23. Re1 Qf7 24. Qd1 Qxa2 25. Nxe5 Rdf8 26. Nf3 Qxb2
27. Qe2 Qxe2 28. R1xe2 Bxf3 29. Rxf3 Rxf3 30. gxf3 Rxf3 31. Re8+ Kf7 32. Ra8
Rxc3 33. Rxa6 Ke6 34. Rb6 Rb3 35. Kg2 b4 36. Rb7 Kf6 37. Rb6 Ke5 38. Rb7 Rb1
39. Rxg7 b3 40. Rh7 b2 41. Rb7 d5 42. Kf3 Kd4 43. Ke2 h5 44. Kd2 Rh1 45. Rxb2
Rxh2 46. Ke2 Ke4 47. Rb3 d4 48. Rb4 h4 49. Rb3 h3 50. Rb2 d3+ 51. Kd1 Rh1+ 52.
Kd2 Rh2 53. Rb4+ Kf3 54. Kxd3 Rxf2 55. Rh4 h2 56. Rh8 Kg2 57. Rg8+ Kf1 58. Rh8
Kg1 59. Ke3 Rg2 0-1

[Event "4. Open Ciudad de Tres Cantos 2012"]
[Site "Tres Cantos ESP"]
[Date "2012.06.24"]
[Round "4.1"]
[White "Rausis, Igor"]
[Black "Fernandez Blazquez, Diego"]
[Result "1-0"]
[WhiteElo "2514"]
[BlackElo "2185"]
[PlyCount "55"]
[EventDate "2012.06.21"]
[EventType "swiss"]
[EventRounds "9"]
[EventCountry "ESP"]
[Source "lmi"]
[SourceDate "2012.06.21"]

1. Nf3 Nf6 2. c4 e6 3. g3 b6 4. Bg2 Bb7 5. O-O c5 6. Nc3 Be7 7. e3 O-O 8. d4 d6
9. d5 exd5 10. Nh4 Na6 11. Nf5 Nc7 12. cxd5 Re8 13. e4 Bc8 14. Nxe7+ Qxe7 15.
a3 b5 16. b4 c4 17. Qd4 Bd7 18. h3 a5 19. Bd2 Ra6 20. f4 axb4 21. axb4 Rea8 22.
Rae1 Qd8 23. e5 dxe5 24. fxe5 Nfxd5 25. Nxd5 Be6 26. Bg5 f6 27. exf6 Bxd5 28.
f7+ 1-0

[Event "4. Open Ciudad de Tres Cantos 2012"]
[Site "Tres Cantos ESP"]
[Date "2012.06.24"]
[Round "4.2"]
[White "Aguado Solana, Juan"]
[Black "Renteria, Jorge"]
[Result "1-0"]
[WhiteElo "2083"]
[BlackElo "2326"]
[PlyCount "69"]
[EventDate "2012.06.21"]
[EventType "swiss"]
[EventRounds "9"]
[EventCountry "ESP"]
[Source "lmi"]
[SourceDate "2012.06.21"]

1. b3 d5 2. Bb2 Bg4 3. Nf3 Bxf3 4. exf3 e6 5. f4 Nf6 6. d3 c6 7. Nd2 a5 8. a3
Bd6 9. g3 Nbd7 10. Nf3 Qe7 11. Qd2 O-O 12. Bg2 a4 13. b4 c5 14. c3 d4 15. b5
dxc3 16. Qxc3 Bc7 17. O-O Ra5 18. Rab1 Rfa8 19. Nd2 Rxb5 20. Ba1 Rxb1 21. Rxb1
Ba5 22. Qb2 Bxd2 23. Qxd2 Qd6 24. Qc3 Nb6 25. Bxb7 Rd8 26. Qa5 Nfd7 27. Be4 f5
28. Be5 Qe7 29. Bc6 c4 30. Bc7 Rc8 31. Bxb6 cxd3 32. Be3 Nb8 33. Bxa4 Qxa3 34.
Qe5 Rf8 35. Rxb8 1-0

[Event "4. Open Ciudad de Tres Cantos 2012"]
[Site "Tres Cantos ESP"]
[Date "2012.06.24"]
[Round "4.3"]
[White "Marcos Herrero, Francisco"]
[Black "Adan Bermudez, Sergio"]
[Result "0-1"]
[WhiteElo "1914"]
[BlackElo "2320"]
[PlyCount "88"]
[EventDate "2012.06.21"]
[EventType "swiss"]
[EventRounds "9"]
[EventCountry "ESP"]
[Source "lmi"]
[SourceDate "2012.06.21"]

1. d4 d6 2. c4 Nf6 3. Nf3 Nbd7 4. g3 e5 5. Bg2 g6 6. Nc3 Bg7 7. O-O O-O 8. e4
exd4 9. Nxd4 Re8 10. h3 c6 11. Be3 Nc5 12. Qc2 Qe7 13. f3 d5 14. cxd5 cxd5 15.
Bg5 Qe5 16. Bxf6 Bxf6 17. Nde2 dxe4 18. fxe4 Be6 19. Nd5 Nd7 20. Nxf6+ Nxf6 21.
Qc3 Qxc3 22. Nxc3 Kg7 23. Rfd1 Red8 24. b3 Rxd1+ 25. Rxd1 Rc8 26. Rd3 Nd7 27.
Kf2 Ne5 28. Re3 a6 29. Ke2 b5 30. Kd2 b4 31. Nd5 a5 32. Bf1 Rd8 33. Bg2 f6 34.
Ke2 Kf7 35. Nf4 Ke7 36. Nd3 Kd6 37. Nxe5 Kxe5 38. Rd3 Ra8 39. Ke3 a4 40. Rd1
axb3 41. axb3 Ra3 42. Rd8 Rxb3+ 43. Kf2 Rb2+ 44. Kf3 f5 0-1

[Event "4. Open Ciudad de Tres Cantos 2012"]
[Site "Tres Cantos ESP"]
[Date "2012.06.24"]
[Round "4.4"]
[White "Rodrigo Yanguas, Maria"]
[Black "Ruiz Sanchez, Roberto"]
[Result "1/2-1/2"]
[WhiteElo "2198"]
[BlackElo "2005"]
[PlyCount "36"]
[EventDate "2012.06.21"]
[EventType "swiss"]
[EventRounds "9"]
[EventCountry "ESP"]
[Source "lmi"]
[SourceDate "2012.06.21"]

1. e4 c6 2. d4 d5 3. e5 Bf5 4. Nd2 e6 5. Nb3 Nd7 6. Ne2 Ne7 7. Nf4 h6 8. Be2 c5
9. dxc5 Nxe5 10. Bb5+ N7c6 11. Qe2 Qc7 12. Nd4 O-O-O 13. c3 Bxc5 14. Be3 Qb6
15. a4 Nxd4 16. cxd4 Bb4+ 17. Kf1 Ng4 18. Nd3 Bxd3 1/2-1/2

[Event "4. Open Ciudad de Tres Cantos 2012"]
[Site "Tres Cantos ESP"]
[Date "2012.06.24"]
[Round "4.5"]
[White "Pastor Alonso De Prado, Alberto"]
[Black "Heras Cuencas, Miguel Angel"]
[Result "1-0"]
[WhiteElo "2191"]
[BlackElo "1985"]
[PlyCount "149"]
[EventDate "2012.06.21"]
[EventType "swiss"]
[EventRounds "9"]
[EventCountry "ESP"]
[Source "lmi"]
[SourceDate "2012.06.21"]

1. e4 e5 2. Nf3 Nf6 3. Nc3 Nc6 4. Bb5 Bb4 5. O-O O-O 6. d3 d6 7. Bxc6 bxc6 8.
Ne2 Qe7 9. Ng3 d5 10. c3 Bd6 11. Qa4 c5 12. Bg5 Bg4 13. Nd2 d4 14. Nc4 h6 15.
Bd2 Be6 16. f4 Bxc4 17. Qxc4 exf4 18. Bxf4 Bxf4 19. Rxf4 dxc3 20. Qxc3 Nd7 21.
Rg4 Qe5 22. Qd2 Nf6 23. Rf4 Rab8 24. Rf2 Rfd8 25. Rc1 Ng4 26. Re2 Qd4+ 27. Kh1
Qxd3 28. Qxd3 Rxd3 29. Nf1 Rb5 30. b3 Rd4 31. Ng3 Ne5 32. Nf5 Rd7 33. h3 Kh7
34. Kg1 g6 35. Ne3 c6 36. Nc4 Nxc4 37. Rxc4 Rd4 38. Rec2 Rxc4 39. Rxc4 Kg7 40.
e5 Kf8 41. Rf4 Ke7 42. Rf6 Rb6 43. Kf2 Ra6 44. Kf3 Rxa2 45. Rxc6 Ra3 46. Rxc5
Rxb3+ 47. Ke4 Rb7 48. Ra5 Kd7 49. Ra6 Rb4+ 50. Kd5 Rb5+ 51. Kd4 Rb7 52. g3 Ke8
53. h4 h5 54. Ke4 Kd8 55. Kf4 Re7 56. Ra5 Kc8 57. Kg5 Kb7 58. Kf6 Rc7 59. Ra1
a6 60. Rb1+ Kc8 61. Kg7 a5 62. Rf1 a4 63. Rf4 Ra7 64. Rxf7 Rxf7+ 65. Kxf7 a3
66. e6 a2 67. e7 a1=Q 68. e8=Q+ Kc7 69. Qe7+ Kc8 70. Qe6+ Kc7 71. Kxg6 Qh8 72.
Qe7+ Kc8 73. Qf7 Qc3 74. Qf8+ Kd7 75. Qg7+ 1-0

[Event "4. Open Ciudad de Tres Cantos 2012"]
[Site "Tres Cantos ESP"]
[Date "2012.06.24"]
[Round "4.7"]
[White "Erice Alonso, Santiago"]
[Black "Alvarez Abejon, Amilcar"]
[Result "0-1"]
[WhiteElo "2010"]
[BlackElo "2074"]
[PlyCount "42"]
[EventDate "2012.06.21"]
[EventType "swiss"]
[EventRounds "9"]
[EventCountry "ESP"]
[Source "lmi"]
[SourceDate "2012.06.21"]

1. c4 Nf6 2. Nc3 g6 3. e4 d6 4. d4 Bg7 5. f4 O-O 6. Nf3 c5 7. dxc5 Qa5 8. Bd3
Qxc5 9. Qe2 Bg4 10. Be3 Qa5 11. O-O Nc6 12. h3 Bxf3 13. Qxf3 Nd7 14. Rac1 Nc5
15. Bb1 Ne6 16. Qf2 Qb4 17. a3 Qxc4 18. Ba2 Qa6 19. Rfd1 Nc5 20. Nd5 Nd3 21.
Qe2 Nxc1 0-1

[Event "4. Open Ciudad de Tres Cantos 2012"]
[Site "Tres Cantos ESP"]
[Date "2012.06.24"]
[Round "4.8"]
[White "Lopez De Turiso, Jose Angel"]
[Black "De La Orden Alcocer, Alejandro"]
[Result "1-0"]
[WhiteElo "2044"]
[BlackElo "1839"]
[PlyCount "49"]
[EventDate "2012.06.21"]
[EventType "swiss"]
[EventRounds "9"]
[EventCountry "ESP"]
[Source "lmi"]
[SourceDate "2012.06.21"]

1. e4 Nf6 2. Nc3 e5 3. f4 d5 4. fxe5 Nxe4 5. Nf3 Bc5 6. d4 Bb4 7. Bd2 c5 8. Bd3
Bxc3 9. bxc3 Bg4 10. O-O O-O 11. Qe1 Bxf3 12. Rxf3 Nc6 13. Bxe4 dxe4 14. Qxe4
cxd4 15. Raf1 dxc3 16. Bxc3 Qe7 17. Rh3 f5 18. Rxf5 Rxf5 19. Qxf5 g6 20. Qe4
Qe6 21. Qh4 Qd7 22. Qc4+ Qf7 23. e6 Qe7 24. Qe4 Re8 25. Qxg6+ 1-0

[Event "4. Open Ciudad de Tres Cantos 2012"]
[Site "Tres Cantos ESP"]
[Date "2012.06.24"]
[Round "4.9"]
[White "Cano Cabanillas, Javier"]
[Black "Rodriguez Dorado, Victor"]
[Result "1-0"]
[WhiteElo "2024"]
[BlackElo "1946"]
[PlyCount "37"]
[EventDate "2012.06.21"]
[EventType "swiss"]
[EventRounds "9"]
[EventCountry "ESP"]
[Source "lmi"]
[SourceDate "2012.06.21"]

1. e4 c6 2. d4 d5 3. Nc3 b5 4. a3 dxe4 5. d5 a6 6. Bf4 Nf6 7. dxc6 Qxd1+ 8.
Rxd1 Nxc6 9. Bxb5 axb5 10. Nxb5 e5 11. Nc7+ Ke7 12. Be3 Nd4 13. Bxd4 exd4 14.
Nxa8 Bb7 15. Nb6 Ke6 16. Ne2 Bc5 17. Nxd4+ Ke5 18. Nc4+ Kd5 19. b3 1-0

[Event "4. Open Ciudad de Tres Cantos 2012"]
[Site "Tres Cantos ESP"]
[Date "2012.06.24"]
[Round "4.10"]
[White "Cabrera Fernandez, Daniel"]
[Black "Galan Fernandez, Felix"]
[Result "1/2-1/2"]
[WhiteElo "1880"]
[BlackElo "2085"]
[PlyCount "81"]
[EventDate "2012.06.21"]
[EventType "swiss"]
[EventRounds "9"]
[EventCountry "ESP"]
[Source "lmi"]
[SourceDate "2012.06.21"]

1. e4 c5 2. Nf3 Nc6 3. c3 d6 4. d4 cxd4 5. cxd4 Nf6 6. Nc3 Bg4 7. Be2 g6 8. h3
Bxf3 9. Bxf3 Bg7 10. O-O O-O 11. Re1 Nd7 12. Be3 Nb6 13. Be2 Rc8 14. Rc1 a6 15.
Bf1 Nd7 16. f4 e5 17. fxe5 dxe5 18. d5 Nd4 19. b4 Nf6 20. Na4 Nh5 21. Nc5 Qe7
22. Qd2 Rfd8 23. Bc4 Rd6 24. Nd3 Kh8 25. Bxd4 exd4 26. e5 Rdd8 27. d6 Qh4 28.
Bxf7 Rc3 29. Rxc3 dxc3 30. Qf2 Ng3 31. Re3 Nf5 32. Qxh4 Nxh4 33. e6 Bd4 34. e7
Bxe3+ 35. Kf1 Bg5 36. exd8=Q+ Bxd8 37. Bd5 b6 38. g4 Kg7 39. Kf2 Kf6 40. Ke1 g5
41. Kd1 1/2-1/2

[Event "4. Open Ciudad de Tres Cantos 2012"]
[Site "Tres Cantos ESP"]
[Date "2012.06.24"]
[Round "4.11"]
[White "Martin-Consuegra Barrilero, Javier"]
[Black "Ledo Galan, Jose Emilio"]
[Result "0-1"]
[WhiteElo "1880"]
[BlackElo "2079"]
[PlyCount "108"]
[EventDate "2012.06.21"]
[EventType "swiss"]
[EventRounds "9"]
[EventCountry "ESP"]
[Source "lmi"]
[SourceDate "2012.06.21"]

1. d4 Nf6 2. Bf4 d5 3. e3 Bf5 4. Nf3 e6 5. Bd3 Bg4 6. Nbd2 Bd6 7. Bg3 O-O 8.
O-O c5 9. c3 Bxg3 10. hxg3 c4 11. Bc2 Bh5 12. e4 Nbd7 13. Qb1 Bg6 14. a4 Ng4
15. Nh4 Qg5 16. f4 Qh6 17. Qe1 Ndf6 18. Rc1 Rab8 19. e5 Nd7 20. Ndf3 b5 21. f5
Bh5 22. b4 cxb3 23. Bxb3 bxa4 24. Bxa4 Nb6 25. Bb5 Ne3 26. Rf2 Nbc4 27. Bxc4
Nxc4 28. Nd2 Nb2 29. Qf1 Qe3 30. Ndf3 Nd3 31. Rcc2 Nxf2 32. Qxf2 Rb1+ 33. Kh2
Qxf2 34. Rxf2 a5 35. Ra2 Ra8 36. Nd2 Rc1 37. Nb3 Rxc3 38. Rxa5 Rxa5 39. Nxa5
Bg4 40. fxe6 fxe6 41. Nb7 Rd3 42. Nf3 Bxf3 43. gxf3 Kf7 44. Nd6+ Ke7 45. f4
Rxd4 46. Kg2 g6 47. Kf3 Rd3+ 48. Kg4 d4 49. Kh4 Rf3 50. Kg4 Rb3 51. Ne4 Re3 52.
Nd2 h5+ 53. Kh4 d3 54. g4 Re2 0-1

[Event "4. Open Ciudad de Tres Cantos 2012"]
[Site "Tres Cantos ESP"]
[Date "2012.06.24"]
[Round "4.12"]
[White "Fernandez Garcia, Ignacio"]
[Black "Lorite Cruz, Francisco"]
[Result "1/2-1/2"]
[WhiteElo "1870"]
[BlackElo "2025"]
[PlyCount "61"]
[EventDate "2012.06.21"]
[EventType "swiss"]
[EventRounds "9"]
[EventCountry "ESP"]
[Source "lmi"]
[SourceDate "2012.06.21"]

1. e4 e5 2. Nf3 Nc6 3. Bc4 Nf6 4. Nc3 Bb4 5. d3 h6 6. a3 Bxc3+ 7. bxc3 O-O 8.
h3 d5 9. exd5 Nxd5 10. Bd2 Be6 11. O-O f6 12. Re1 Bf7 13. Nh2 Qd7 14. Rb1 Rab8
15. Ng4 h5 16. Nh2 a6 17. Bb3 Rfe8 18. a4 a5 19. Nf1 g6 20. Qf3 Kg7 21. Ng3 f5
22. Rbd1 Nf6 23. Bg5 Nh7 24. Bd2 Bxb3 25. cxb3 Qf7 26. Kh2 Qxb3 27. c4 Qa3 28.
Nxh5+ Kh8 29. Ng3 Qd6 30. Bc3 Nd4 31. Bxd4 1/2-1/2

[Event "4. Open Ciudad de Tres Cantos 2012"]
[Site "Tres Cantos ESP"]
[Date "2012.06.24"]
[Round "4.13"]
[White "Guerrero Villanueva, David"]
[Black "Galan Aguado, Fernando"]
[Result "1-0"]
[WhiteElo "2021"]
[BlackElo "1839"]
[PlyCount "43"]
[EventDate "2012.06.21"]
[EventType "swiss"]
[EventRounds "9"]
[EventCountry "ESP"]
[Source "lmi"]
[SourceDate "2012.06.21"]

1. e4 e6 2. d4 d5 3. exd5 exd5 4. Bd3 c5 5. c3 c4 6. Bc2 Bd6 7. Ne2 Ne7 8. O-O
O-O 9. Bf4 Bf5 10. Bxd6 Qxd6 11. Ng3 Bxc2 12. Qxc2 b5 13. Nd2 Nbc6 14. f4 a5
15. f5 f6 16. Rae1 Rfe8 17. Re6 Qd7 18. Rfe1 Kf7 19. Nh5 Nxf5 20. Rxe8 Rxe8 21.
Rxe8 Qxe8 22. Qxf5 1-0

[Event "4. Open Ciudad de Tres Cantos 2012"]
[Site "Tres Cantos ESP"]
[Date "2012.06.24"]
[Round "4.14"]
[White "Gonzalez Mateo, Jose Luis"]
[Black "Lopez Moll, Jose Manuel"]
[Result "0-1"]
[WhiteElo "1827"]
[BlackElo "1996"]
[PlyCount "138"]
[EventDate "2012.06.21"]
[EventType "swiss"]
[EventRounds "9"]
[EventCountry "ESP"]
[Source "lmi"]
[SourceDate "2012.06.21"]

1. d4 d6 2. Bf4 f5 3. e3 g6 4. Nf3 Nf6 5. Bc4 e6 6. h4 h6 7. c3 Nc6 8. Bb3 Qe7
9. Qe2 Bd7 10. Nbd2 e5 11. dxe5 dxe5 12. Bh2 Bg7 13. O-O-O O-O-O 14. Nc4 Ne4
15. Ba4 Qe6 16. Kb1 Nd6 17. Bxc6 Qxc4 18. Bxd7+ Rxd7 19. Qxc4 Nxc4 20. b3 e4
21. Nd4 Ne5 22. Ne6 Bf6 23. Bg3 Re8 24. Nf4 Red8 25. Rxd7 Rxd7 26. Kc2 c6 27.
c4 Kd8 28. h5 g5 29. Ne6+ Ke8 30. Nd4 f4 31. exf4 Nd3 32. Nf5 Nb4+ 33. Kb1 Rd2
34. Rh2 Rb2+ 35. Kc1 Nd3+ 36. Kd1 gxf4 37. Bxf4 Nxf4 38. Nd6+ Ke7 39. Nxe4 Re2
40. Nxf6 Kxf6 41. g3 Rxa2 42. gxf4 Rb2 43. Rg2 Rxb3 44. Rg6+ Kf5 45. Rxh6 a5
46. Rh8 a4 47. Kc2 Kxf4 48. h6 Kg5 49. h7 Kh6 50. Ra8 Kxh7 51. Rxa4 Rf3 52. Ra7
Rxf2+ 53. Kc3 Rf7 54. Kd4 Kg6 55. c5 Kf6 56. Kc4 Ke5 57. Ra1 Rf4+ 58. Kb3 Kd5
59. Rc1 Rg4 60. Rc2 Rg1 61. Ka2 Rg3 62. Kb2 Kd4 63. Ka2 Re3 64. Rb2 Re7 65. Rc2
Kd3 66. Kb3 Re3 67. Kb2 Re2 68. Rxe2 Kxe2 69. Kc3 Ke3 0-1

[Event "4. Open Ciudad de Tres Cantos 2012"]
[Site "Tres Cantos ESP"]
[Date "2012.06.24"]
[Round "4.15"]
[White "Alvarez Gonzalez, Eduardo"]
[Black "Martin Garcia, Guillermo"]
[Result "0-1"]
[WhiteElo "1773"]
[BlackElo "1977"]
[PlyCount "106"]
[EventDate "2012.06.21"]
[EventType "swiss"]
[EventRounds "9"]
[EventCountry "ESP"]
[Source "lmi"]
[SourceDate "2012.06.21"]

1. d4 Nf6 2. c4 g6 3. Nc3 Bg7 4. e4 d6 5. Nf3 O-O 6. Be2 Nbd7 7. O-O e5 8. d5
Nc5 9. Qc2 a5 10. Ne1 Nfd7 11. Be3 f5 12. f3 f4 13. Bf2 g5 14. Nd3 Nxd3 15.
Qxd3 Rf7 16. a3 Bf8 17. b4 b6 18. Na4 Rg7 19. Qc2 h5 20. c5 bxc5 21. bxc5 g4
22. g3 gxf3 23. Bxf3 fxg3 24. hxg3 h4 25. Kg2 hxg3 26. Bxg3 Nxc5 27. Nxc5 Qh4
28. Qf2 Qh3+ 29. Kg1 Rxg3+ 30. Bg2 Rxg2+ 31. Qxg2+ Qxg2+ 32. Kxg2 dxc5 33. Rab1
Ba6 34. Rf3 a4 35. Kf2 Bg7 36. Rg3 Kf7 37. Rbg1 Bf6 38. Rh3 Rg8 39. Rgh1 Be7
40. Rh7+ Ke8 41. Rb1 Rf8+ 42. Kg3 Kd7 43. Rc1 Kd6 44. Rh6+ Rf6 45. Rh8 Bd3 46.
Ra8 c4 47. Rxa4 Rf4 48. Ra5 Kd7 49. a4 Rxe4 50. Kf3 Re3+ 51. Kxe3 Bg5+ 52. Kf2
Bxc1 53. Ra7 Bd2 0-1